<?xml version="1.0" encoding="UTF-8"?>
<collection xmlns="http://www.loc.gov/MARC21/slim">
 <record>
  <leader>02323naa a2200433   4500</leader>
  <controlfield tag="001">1788620194</controlfield>
  <controlfield tag="003">DE-627</controlfield>
  <controlfield tag="005">20220204154432.0</controlfield>
  <controlfield tag="007">cr cn 008aaaaa</controlfield>
  <controlfield tag="008">220204s2020    xx |||||oo    00| ||ger c</controlfield>
  <datafield tag="024" ind1="7" ind2=" ">
   <subfield code="a">10.11588/akmb.2020.1/2.85897</subfield>
   <subfield code="2">doi</subfield>
  </datafield>
  <datafield tag="035" ind1=" " ind2=" ">
   <subfield code="a">(DE-627)1788620194</subfield>
  </datafield>
  <datafield tag="035" ind1=" " ind2=" ">
   <subfield code="a">(DE-599)KXP1788620194</subfield>
  </datafield>
  <datafield tag="040" ind1=" " ind2=" ">
   <subfield code="a">DE-627</subfield>
   <subfield code="b">ger</subfield>
   <subfield code="c">DE-627</subfield>
   <subfield code="e">rda</subfield>
  </datafield>
  <datafield tag="041" ind1=" " ind2=" ">
   <subfield code="a">ger</subfield>
  </datafield>
  <datafield tag="084" ind1=" " ind2=" ">
   <subfield code="a">KUNST</subfield>
   <subfield code="q">DE-16</subfield>
   <subfield code="2">fid</subfield>
  </datafield>
  <datafield tag="100" ind1="1" ind2=" ">
   <subfield code="a">Gegenmantel, Antje</subfield>
   <subfield code="e">VerfasserIn</subfield>
   <subfield code="0">(DE-588)1073171450</subfield>
   <subfield code="0">(DE-627)828622426</subfield>
   <subfield code="0">(DE-576)434671495</subfield>
   <subfield code="4">aut</subfield>
  </datafield>
  <datafield tag="245" ind1="1" ind2="0">
   <subfield code="a">Grafisch - grantig - großartig</subfield>
   <subfield code="c">Antje Gegenmantel</subfield>
  </datafield>
  <datafield tag="264" ind1=" " ind2="1">
   <subfield code="a">Düsseldorf</subfield>
   <subfield code="b">AKMB</subfield>
   <subfield code="c">2020</subfield>
  </datafield>
  <datafield tag="300" ind1=" " ind2=" ">
   <subfield code="b">Illustrationen</subfield>
  </datafield>
  <datafield tag="336" ind1=" " ind2=" ">
   <subfield code="a">Text</subfield>
   <subfield code="b">txt</subfield>
   <subfield code="2">rdacontent</subfield>
  </datafield>
  <datafield tag="337" ind1=" " ind2=" ">
   <subfield code="a">Computermedien</subfield>
   <subfield code="b">c</subfield>
   <subfield code="2">rdamedia</subfield>
  </datafield>
  <datafield tag="338" ind1=" " ind2=" ">
   <subfield code="a">Online-Ressource</subfield>
   <subfield code="b">cr</subfield>
   <subfield code="2">rdacarrier</subfield>
  </datafield>
  <datafield tag="500" ind1=" " ind2=" ">
   <subfield code="a">Elektronische Reproduktion der Druckausgabe</subfield>
  </datafield>
  <datafield tag="533" ind1=" " ind2=" ">
   <subfield code="a">Online-Ausgabe</subfield>
   <subfield code="b">Heidelberg</subfield>
   <subfield code="c">arthistoricum.net</subfield>
   <subfield code="d">2022</subfield>
   <subfield code="7">|2022||||||||||</subfield>
  </datafield>
  <datafield tag="583" ind1="1" ind2=" ">
   <subfield code="a">Archivierung/Langzeitarchivierung gewährleistet</subfield>
   <subfield code="2">pdager</subfield>
   <subfield code="5">DE-16</subfield>
  </datafield>
  <datafield tag="655" ind1=" " ind2="7">
   <subfield code="a">Rezension</subfield>
   <subfield code="0">(DE-588)4049712-4</subfield>
   <subfield code="0">(DE-627)106186019</subfield>
   <subfield code="0">(DE-576)209083166</subfield>
   <subfield code="2">gnd-content</subfield>
  </datafield>
  <datafield tag="700" ind1="1" ind2=" ">
   <subfield code="a">Simmonds, Posy</subfield>
   <subfield code="d">1945-</subfield>
   <subfield code="e">VerfasserIn des Bezugswerks</subfield>
   <subfield code="0">(DE-588)111522307</subfield>
   <subfield code="0">(DE-627)617673845</subfield>
   <subfield code="0">(DE-576)31628842X</subfield>
   <subfield code="4">ant</subfield>
  </datafield>
  <datafield tag="773" ind1="0" ind2="8">
   <subfield code="i">Enthalten in</subfield>
   <subfield code="a">Arbeitsgemeinschaft der Kunst- und Museumsbibliotheken</subfield>
   <subfield code="t">AKMB-News</subfield>
   <subfield code="d">Düsseldorf : arthistoricum.net, 1995</subfield>
   <subfield code="g">26(2020), 1/2, Seite 122-126</subfield>
   <subfield code="h">Online-Ressource</subfield>
   <subfield code="w">(DE-627)331437082</subfield>
   <subfield code="w">(DE-600)2052488-2</subfield>
   <subfield code="w">(DE-576)267762054</subfield>
   <subfield code="x">2197-7402</subfield>
   <subfield code="7">nnns</subfield>
  </datafield>
  <datafield tag="773" ind1="1" ind2="8">
   <subfield code="g">volume:26</subfield>
   <subfield code="g">year:2020</subfield>
   <subfield code="g">number:1/2</subfield>
   <subfield code="g">pages:122-126</subfield>
  </datafield>
  <datafield tag="787" ind1="0" ind2="8">
   <subfield code="i">Rezension von</subfield>
   <subfield code="a">Simmonds, Posy, 1945 - </subfield>
   <subfield code="t">Cassandra Darke</subfield>
   <subfield code="b">1. Auflage</subfield>
   <subfield code="d">Berlin : Reprodukt, 2019</subfield>
   <subfield code="h">94 Seiten</subfield>
   <subfield code="w">(DE-627)1665747455</subfield>
   <subfield code="z">9783956401961</subfield>
  </datafield>
  <datafield tag="856" ind1="4" ind2="0">
   <subfield code="u">https://doi.org/10.11588/akmb.2020.1/2.85897</subfield>
   <subfield code="x">Verlag</subfield>
   <subfield code="x">Resolving-System</subfield>
   <subfield code="z">kostenfrei</subfield>
   <subfield code="3">Volltext</subfield>
  </datafield>
  <datafield tag="856" ind1="4" ind2="0">
   <subfield code="u">https://journals.ub.uni-heidelberg.de/index.php/akmb-news/article/view/85897</subfield>
   <subfield code="x">Verlag</subfield>
   <subfield code="z">kostenfrei</subfield>
   <subfield code="3">Volltext</subfield>
  </datafield>
  <datafield tag="936" ind1="u" ind2="w">
   <subfield code="d">26</subfield>
   <subfield code="j">2020</subfield>
   <subfield code="e">1/2</subfield>
   <subfield code="h">122-126</subfield>
  </datafield>
  <datafield tag="951" ind1=" " ind2=" ">
   <subfield code="a">AR</subfield>
  </datafield>
  <datafield tag="994" ind1=" " ind2=" ">
   <subfield code="u">https://journals.ub.uni-heidelberg.de/index.php/akmb-news/article/download/85897/80272/230322</subfield>
  </datafield>
  <datafield tag="994" ind1=" " ind2=" ">
   <subfield code="u">https://journals.ub.uni-heidelberg.de/index.php/akmb-news/article/download/85897/80272/230322</subfield>
  </datafield>
  <datafield tag="991" ind1=" " ind2=" ">
   <subfield code="a">Rezension (Monographie, Zeitschrift, Aufsatz)</subfield>
  </datafield>
  <datafield tag="999" ind1=" " ind2=" ">
   <subfield code="a">KXP-PPN1788620194</subfield>
   <subfield code="e">4152967358</subfield>
  </datafield>
 </record>
</collection>
